| 000 | 00347cam a22000977a 4500 | ||
|---|---|---|---|
| 008 | 180718b xxu||||| |||| 00| 0 eng d | ||
| 082 | _aL2x54 In2 | ||
| 245 |
_aReport of the Taxation Enquiry Commission: 1953-54 _cby Ministry of Finance, Department of Economic Affairs |
||
| 260 |
_aDelhi _bManager of Publications _c |
||
| 500 | _aLibrary has Vol. II and III | ||
| 999 |
_c503467 _d503467 |
||